Reglament de la Caixa de Previsió i Socors / Orfeó Català
Publicado:
Barcelona (La Renaixença) :
1912
Descripción Física:
15 p. ; 16 cm
MARC
| LEADER | 00000nam a2200000Ia 4500 | ||
|---|---|---|---|
| 001 | 11639 | ||
| 008 | 160829s1912 xx 000 0 cat d | ||
| 080 | |a RF-15-41 | ||
| 100 | |a Caixa de Previsió i Socors |9 47053 | ||
| 245 | |a Reglament de la Caixa de Previsió i Socors / Orfeó Català | ||
| 260 | |a Barcelona (La Renaixença), |c 1912 | ||
| 300 | |a 15 p. ; |c 16 cm | ||
| 590 | |a Prové de 3729, exp. 1, peça 127 | ||
| 650 | |a Caixa de Previsió i Socors |x Reglaments i procediment |9 47054 | ||
| 710 | 2 | |a Orfeó Català |9 54892 | |
| 856 | 4 | |u https://media.diba.cat/diba/fitxers/arxiu/fulletons/bib_11639_1912_baixa.pdf |y Accés lliure | |
| 856 | 4 | |u https://media.diba.cat/diba/fitxers/arxiu/fulletons/bib_11639_1912_baixa.pdf |y Accés lliure | |
| 901 | |a Arxiu | ||
| 942 | |n 1 |2 udc | ||
| 952 | |0 0 |1 0 |4 0 |6 RF1541 |7 1 |9 53631 |a Arxiu |b Arxiu |d 2016-12-01 |l 0 |o RF-15-41 |p 11639 |r 2016-12-01 00:00:00 |w 2016-12-01 |y ARXIU | ||
| 999 | |c 57497 |d 57497 | ||
| 900 | |a bib_11639_1912_baixa.pdf | ||